000 00708nam a2200205 i 4500
001 88451
003 ES-MaACL
005 20250808062532.0
007 t|
008 050104s1957 sp ||||1| spa d
100 1 _aLakotta, Consilia María.
_969721
245 1 0 _aS.O.S. aterrizamos en un monasterio
_b: relato de Australia /
_cpor Consilia María Lakotta ; versión del original alemán revisada por Ana María Arranz Carabias.
260 _aSan Sebastián :
_bDinor,
_c1957 (
_eBurgos :
_fAldecoa)
300 _a239 p. ;
_c19 cm.
490 1 _aPrisma
700 1 _aArranz Carabias, Ana María.
_923222
830 0 0 _aPrisma
_9180749
852 _aES-MaACL
_jC-13739
_bR.41501
999 _c88451
_d88451